000 00925nam a2200277 i 4500
001 186840
003 SpMaBN
005 20250830100258.0
008 170221s2010 sp |||| |dspa d
020 _a978-84-9920-053-8
080 _a364.013
080 _a291.16
080 _a282:304.4
100 1 _aBlair, Tony (
_d1953-)
_9161844
245 1 0 _aPersona, comunidad y Estado /
_cTony Blair ; [prólogo de Giorgio Vittadini].
260 _aMadrid :
_bEncuentro,
_c[2010]
300 _a43 p. ;
_c21 cm.
490 1 _aCuadernos de frontera ;
_v11
594 _aRecoge la conferencia pronunciada por el autor en el Meeting de Rímini 2009.
650 7 _aEstado social
_2embne
_9147232
650 7 _aIglesia y problemas sociales
_2embne
_913569
650 0 7 _aDiálogo interreligioso.
_911858
830 0 _aCuadernos de frontera ;
_v11
_9192625
852 _aES-MaACL
_j2335-F-10
999 _c186840
_d186840